000 00651nam a2200277Ia 4500
005 20260324141654.0
008 008 260324s9999 xx 000 0 eng d
020 _a9781315782089
037 _aEBOOK
040 _aCRL
040 _beng
040 _cCRL
041 _2eng
041 _aeng
084 _qCRL
100 _aHelen E. Ross; David J. Murray
_91209065
245 0 _aE.H. Weber On The Tactile Senses
260 _bTaylor and Francis
260 _c1996
365 _a
365 _b200
856 _uhttp://www.taylorfrancis.com/books/9781315782089
942 _cEBOOK
999 _c1812413
_d1812413